00441nam a22001457a 450000500170000000800410001702000340005804100130009208200150010510000130012024500730013326000450020630000190025165000250027020231116100347.0231116b |||||||| |||| 00| 0 eng d a9780409060256 ; 9780409060263 aEnglish  a344.1 VAN  lEnglish  aPrinciples and Practice of Labour Law / cedited by F van Jaarsveld  aDurban : bLexisNexis (Pty) Ltd, c2001  bxii, c26 cm.  aLegal practice bLaw